[Event "Dos Hermanas"]
[Site "Dos Hermanas"]
[Date "1995.??.??"]
[Round "1"]
[White "Karpov, Anatoly"]
[Black "Adams, Michael"]
[Result "1/2-1/2"]
[WhiteElo "2780"]
[BlackElo "2655"]

1.d4 Nf6 2.Nf3 e6 3.c4 Bb4+ 4.Nbd2 b6 5.a3 Bxd2+ 6.Bxd2 Bb7 7.Bg5 h6 8.Bh4 d6
9.e3 g5 10.Bg3 Ne4 11.Nd2 Nxg3 12.hxg3 Nd7 13.g4 c5 14.Nb1 cxd4 15.Qxd4 Qf6
16.Nc3 Qxd4 17.exd4 Nf6 18.f3 Ke7 19.b4 e5 20.Kf2 a5 21.Bd3 h5 22.dxe5 dxe5
23.Rae1 axb4 24.axb4 Ra3 25.Rxe5+ Kf8 26.Rc1 hxg4 27.Rxg5 gxf3 28.gxf3 Rh3
29.Rg3 Rh2+ 30.Ke3 Rb2 31.Nb5 Rab3 32.Nd6 Bc6 33.b5 Bd7 34.Rg5 Ke7 35.Ne4 Nxe4
36.fxe4 Ra3 37.Kd4 Rbb3 38.Be2 Be6 39.Rg7 Ra8 40.Ke5 Rc8 41.Ra1 Rc5+ 42.Kf4 Rb2
43.Bd3 Bxc4 44.Bxc4 Rxc4 45.Ra7+ Ke6 46.Rb7 Rxb5 47.Rgxf7 Kd6 48.Rfd7+ Kc5
49.Kf5 Kb4+ 50.e5 Rh4 51.Re7 Rh6 52.Rbd7 Rc5 53.Rd4+ Kc3 54.Re4 b5 55.Rg7 Rh5+
56.Ke6 Rc4 57.Re3+ Kd4 58.Re1 Rc6+ 59.Kd7 Ra6 60.Kc8 Re6 61.Rd7+ Kc4  1/2-1/2

[Event "Dos Hermanas"]
[Site "Dos Hermanas"]
[Date "1995.??.??"]
[Round "2"]
[White "Illescas Cordoba, Miguel"]
[Black "Shirov, Alexei"]
[Result "1/2-1/2"]
[WhiteElo "2595"]
[BlackElo "2710"]

1.e4 c5 2.Nf3 d6 3.d4 cxd4 4.Nxd4 Nf6 5.Nc3 Nc6 6.Bg5 e6 7.Qd2 Be7 8.O-O-O O-O
9.f4 Nxd4 10.Qxd4 Qa5 11.Kb1 Rd8 12.Bc4 Bd7 13.Bb3 Bc6 14.f5 exf5 15.Rhf1 Bxe4
16.Nxe4 fxe4 17.Bxf6 Bxf6 18.Rxf6 gxf6 19.Bd5 e3 20.Qxf6 Rf8 21.Qg5+ Kh8
22.Qf6+ Kg8 23.Qg5+  1/2-1/2

[Event "Dos Hermanas"]
[Site "Dos Hermanas"]
[Date "1995.??.??"]
[Round "2"]
[White "Piket, Jeroen"]
[Black "Karpov, Anatoly"]
[Result "1/2-1/2"]
[WhiteElo "2670"]
[BlackElo "2780"]

1.d4 Nf6 2.c4 e6 3.Nf3 b6 4.g3 Ba6 5.Nbd2 Bb7 6.Bg2 c5 7.e4 cxd4 8.e5 Ne4
9.O-O Nxd2 10.Bxd2 Qc7 11.Bf4 Bxf3 12.Bxf3 Nc6 13.Bxc6 dxc6 14.Qxd4 Rd8 15.Qe4 Be7
16.Rad1 O-O 17.h4 Rd7 18.Rxd7 Qxd7 19.Kg2 Rd8 20.b3 h6 21.Rc1 Bb4 22.Rc2 Qd1
23.Rc1 Qd7 24.Rc2 Qd3 25.Qxd3 Rxd3 26.h5 Kh7 27.Rc1 Bc5 28.Kf1 Rf3 29.Rc2 Bd4
30.Re2 g6 31.hxg6+ Kxg6 32.Kg2 Rc3 33.g4 c5 34.f3 h5 35.gxh5+ Kxh5 36.Kg3 Kg6
37.Kg4 a5 38.Bg5 a4 39.Bf6 axb3 40.axb3 Rxb3 41.Kf4 Rb2 42.Rxb2 Bxb2 43.Bd8  1/2-1/2

[Event "Dos Hermanas"]
[Site "Dos Hermanas"]
[Date "1995.??.??"]
[Round "7"]
[White "Karpov, Anatoly"]
[Black "Gelfand, Boris"]
[Result "1/2-1/2"]
[WhiteElo "2780"]
[BlackElo "2700"]

1.d4 d5 2.c4 c6 3.Nf3 Nf6 4.e3 Bf5 5.Bd3 Bxd3 6.Qxd3 e6 7.O-O Nbd7 8.Nc3 Bb4
9.Bd2 a5 10.a3 Be7 11.b4 O-O 12.bxa5 Rxa5 13.a4 Qa8 14.cxd5 cxd5 15.Rfb1 Rc8
16.Be1 Ra6 17.h3 Nb6 18.Qb5 Ne8 19.Ne5 Nd6 20.Qb3 Nbc4 21.Nd3 h6 22.Qd1 Bd8
23.Nb5 Nxb5 24.Rxb5 b6 25.Rbb1 Be7 26.Bb4 Bxb4  1/2-1/2